000
00191 a2200097 4500
020
_a
9788478835157
041
_a
spa
100
_a
todo libro ediciones s.a
245
_a
La granja
942
_c
K
999
_c
29738
_d
29736